Statistics for East Timor Country Quiz

Click here to take the quiz!

General Stats

  • This quiz has been taken 2,739 times
    (2,672 since last reset)
  • The average score is 11 of 15

Answer Stats

Hint Answer % Correct
Country that annexed East Timor in 1975Indonesia
98%
East Timor was a colony of this country from the 1700s–1975Portugal
93%
Official name of East Timor according to the United NationsTimor-{Leste}
89%
Capital cityDili
88%
Official languagesPortuguese
88%
Only other predominantly Catholic country in AsiaPhilippines
84%
Bean that makes up about 22% of the total exportsCoffee
82%
First country to recognize the annexation that was also caught
spying on East Timor in 2004
Australia
80%
This is responsible for almost half of country's total exportsOil
76%
Currency used in East TimorU.S. Dollar
74%
Name one of the three main seas that border East TimorBanda | Savu | Timor
67%
According to East Timorese creation myth, the island of Timor was made
from the body of this reptile
Crocodile
58%
The word "Timor" comes from Malay word of "timur". What does it mean?East
46%
The island of Timor is a part of this archipelagoLesser {Sunda} Islands
29%
Official languagesTetum
28%

Score Distribution

Percentile by Number Answered

Percent of People with Each Score

Your Score History

You have not taken this quiz since the last reset